Crisis, autonomías y desarrollo regional / (Record no. 126547)

MARC details
000 -LEADER
campo de control de longitud fija 00943nam a2200217 i 4500
001 - NÚMERO DE CONTROL
campo de control 126547
003 - IDENTIFICADOR DE NÚMERO DE CONTROL
campo de control ES-MaACL
005 - FECHA Y HORA DE LA ÚLTIMA TRANSACCIÓN
campo de control 20230906192835.0
007 - CAMPO FIJO DE DESCRIPCIÓN FÍSICA--INFORMACIÓN GENERAL
campo de control de longitud fija t|
008 - DATOS DE LONGITUD FIJA--INFORMACIÓN GENERAL
campo de control de longitud fija 070214s1985 sp a |||| | spa d
020 ## - NÚMERO INTERNACIONAL ESTÁNDAR DEL LIBRO
Número Internacional Estándar del Libro 84-7191-353-4
111 2# - ENTRADA PRINCIPAL--NOMBRE DE CONGRESO/REUNIÓN
Nombre de congreso/reunión o jurisdicción como elemento de entrada Reunión de Estudios Regionales (
Número del congreso/reunión o número de parte o sección 9ª.
Fecha del congreso o de la firma del tratado 1983.
Sede del congreso/Lugar de la reunión Santiago de Compostela)
9 (RLIN) 135194
245 10 - MENCIÓN DEL TÍTULO
Título Crisis, autonomías y desarrollo regional /
Mención de responsabilidad, etc. IX Reunión de Estudios Regionales = IX Reunion de Estudos Rexionais ; [organizada por la] Asociación Galega de Ciencia Rexional.
260 ## - PUBLICACIÓN, DISTRIBUCIÓN, ETC.
Lugar de publicación, distribución, etc. Santiago de Compostela :
Nombre del editor, distribuidor, etc. Universidad,
Fecha de publicación, distribución, etc. 1985.
300 ## - DESCRIPCIÓN FÍSICA
Extensión 3 v. :
Otras características físicas il. ;
Dimensiones 24 cm.
650 #4 - PUNTO DE ACCESO ADICIONAL DE MATERIA--TÉRMINO DE MATERIA
Término de materia o nombre geográfico como elemento de entrada Ordenación del territorio-
Subdivisión geográfica España-
Subdivisión de forma Congresos y asambleas.
9 (RLIN) 169230
650 #4 - PUNTO DE ACCESO ADICIONAL DE MATERIA--TÉRMINO DE MATERIA
Término de materia o nombre geográfico como elemento de entrada Desarrollo regional-
Subdivisión geográfica España-
Subdivisión de forma Congresos y asambleas.
9 (RLIN) 169228
651 #4 - PUNTO DE ACCESO ADICIONAL DE MATERIA--NOMBRE GEOGRÁFICO
Nombre geográfico España-
Subdivisión general Política económica-
Subdivisión cronológica 1975-
9 (RLIN) 8409
710 2# - ENTRADA AGREGADA--NOMBRE DE ENTIDAD CORPORATIVA
Nombre de entidad corporativa o nombre de jurisdicción como elemento de entrada Asociación Galega de Ciencia Rexional.
9 (RLIN) 1710
852 ## - LOCALIZACIÓN
Ubicación ES-MaACL
Número de control de estantería L-8130-32
Holdings
Estatus retirado Estado de pérdida Estado de daño No para préstamo Biblioteca de origen Biblioteca actual Ubicación en estantería Fecha de adquisición Fuente de adquisición Total de préstamos Signatura topográfica completa Código de barras Visto por última vez Precio de reemplazo Tipo de ítem Koha
        Biblioteca del Ateneo de Madrid Biblioteca del Ateneo de Madrid Depósito 2 17/01/2008     L-8130-32 1131805 23/02/2023 23/02/2023 Libro impreso